|
|
|
|
| LEADER |
01064nam a2200253 a 4500 |
| 001 |
GR-MES14972 |
| 008 |
081003s2007 xk b 001 b eng d |
| 020 |
|
|
|a 047002402X
|
| 020 |
|
|
|a 9780470024
|
| 044 |
|
|
|a gb
|
| 082 |
|
0 |
|a 620.112 23
|2 21
|
| 100 |
1 |
|
|a Sastri, V. S.
|
| 245 |
1 |
0 |
|a Corrosion prevention and protection :
|b Practical solutions /
|c V. S. Sastri, Edward Ghali, Mimoun Elboujdaini.
|
| 260 |
|
|
|a Hoboken, NJ :
|b Wiley,
|c 2007
|
| 300 |
|
|
|a xiv, 557 σ. :
|b εικ. ;
|c 25 εκ.
|
| 504 |
|
|
|a Περιλαμβάνει βιβλιογραφικές αναφορές και ευρετήριο.
|
| 650 |
|
0 |
|a Erosion
|
| 650 |
|
4 |
|a Διάβρωση και αντιδιαβρωτικά
|
| 700 |
1 |
|
|a Elboujdaini, Mimoun
|
| 700 |
1 |
|
|a Ghali, Edward
|
| 942 |
|
|
|2 ddc
|
| 952 |
|
|
|0 0
|1 0
|2 ddc
|4 0
|6 620_112000000000000_23_SAS
|7 0
|9 272822
|a MSLG
|b MSLG
|c BSC
|d 2021-01-17
|e 24
|f 0
|g 0.00
|l 0
|o 620.112 23 SAS
|p 2420000023675
|r 2021-01-17 00:00:00
|t 1
|w 2021-01-17
|y BK15
|x 20090319 0 ΤΣΑΝΤΑΡΛΙΩΤΗ 1
|x GrPaTEI
|
| 971 |
|
|
|a .b25810212
|b 15-04-20
|c 13-09-16
|
| 999 |
|
|
|c 157864
|d 157864
|